[Event "WchT Seniors 50"]
[Site "Struga"]
[Date "2023.09.28"]
[Round "9.4"]
[White "Kantorik, Marian"]
[Black "Denk, Wolfgang"]
[Result "1-0"]
[WhiteElo "2195"]
[BlackElo "1581"]
[PlyCount "47"]
[EventDate "2023.09.19"]
[EventType "team-swiss"]
[EventRounds "9"]
[EventCountry "MKD"]
[SourceTitle "EXT 2024"]
[Source "ChessBase"]
[SourceDate "2023.10.10"]
[SourceVersion "1"]
[SourceVersionDate "2023.10.10"]
[SourceQuality "1"]
[WhiteTeam "Slovakia 50"]
[BlackTeam "Austria 50"]
[WhiteTeamCountry "SVK"]
[BlackTeamCountry "AUT"]

1. d4 d5 2. Nf3 Nf6 3. Bf4 e6 4. e3 a6 5. Bd3 Nbd7 6. Nbd2 Be7 7. c3 b6 8. Ne5 Bb7 9. Qf3 c5 10. g4 h6 11. h4 Nxe5 12. Bxe5 Bd6 13. Bxd6 Qxd6 14. 0-0-0 0-0-0 15. g5 hxg5 16. hxg5 Ne4 17. Nxe4 dxe4 18. Bxe4 Bxe4 19. Qxe4 a5 20. Rxh8 Rxh8 21. dxc5 Qc7 22. cxb6 Qxb6 23. Qa8+ Qb8 24. Qxa5 1-0

[Event "WchT Seniors 50"]
[Site "Struga"]
[Date "2023.09.21"]
[Round "3.4"]
[White "Thorhallsson, Throstur"]
[Black "Denk, Wolfgang"]
[Result "1-0"]
[WhiteElo "2382"]
[BlackElo "1581"]
[PlyCount "39"]
[EventDate "2023.09.19"]
[EventType "team-swiss"]
[EventRounds "9"]
[EventCountry "MKD"]
[SourceTitle "EXT 2024"]
[Source "ChessBase"]
[SourceDate "2023.10.10"]
[SourceVersion "1"]
[SourceVersionDate "2023.10.10"]
[SourceQuality "1"]
[WhiteTeam "Iceland 50"]
[BlackTeam "Austria 50"]
[WhiteTeamCountry "ISL"]
[BlackTeamCountry "AUT"]

1. e4 c5 2. Nf3 Nc6 3. d4 cxd4 4. Nxd4 e6 5. Nc3 Bb4 6. Ndb5 a6 7. Nd6+ Bxd6 8. Qxd6 Qe7 9. Qg3 f6 10. Bf4 Qf7 11. Na4 e5 12. Be3 Nge7 13. Nb6 Rb8 14. Bc4 Qg6 15. 0-0-0 Qxg3 16. hxg3 Nd8 17. Bc5 Ne6 18. Bd6 Nc6 19. Bxb8 Nxb8 20. Nxc8 1-0